"Marketingové" Německo

Analýza súčasného marketingu v Nemecku. Historické príčiny tvorby marketingu v Nemecku. Príklady z nemeckého marketingu. Námety pre Českú republiku.

Na minha lista:
Detalhes bibliográficos
Autor principal: Kocka, Ladislav
Formato: Capítulo de Livro
Idioma:tcheco
Assuntos:
Tags: Adicionar Tag
Sem tags, seja o primeiro a adicionar uma tag!

MARC

LEADER 00000naa a2200000 4500
001 r047861
005 20231004100511.0
041 0 |a cze 
044 |a CZ 
245 1 0 |a "Marketingové" Německo  |c Ladislav Kocka 
520 |a Analýza súčasného marketingu v Nemecku. Historické príčiny tvorby marketingu v Nemecku. Príklady z nemeckého marketingu. Námety pre Českú republiku. 
610 2 0 |a marketing 
610 2 0 |a Nemecko 
610 2 0 |a história 
610 2 0 |a Česko 
610 2 0 |a investície priame zahraničné 
100 1 |a Kocka, Ladislav